000
00338 a2200157 4500
001
57050
020
_a
9788574062792
040
_c
Anchieta - Pituba
100
_a
Maguire, Gregory
240
1
0
_a
A bela arremetida
_l
por
245
1
0
_a
A bela arremetida
300
_a
191
362
0
_a
2007
650
4
_a
Literatura juvenil
942
_c
BK
999
_c
57050
_d
57050